Los Pactos de la Moncloa: experiencia de pacto fiscal en España (Registro nro. 45678)
[ vista simple ]
| 000 -CABECERA | |
|---|---|
| Longitud fija campo de control | 00780naa a2200205 4500 |
| 001 - NÚMERO DE CONTROL | |
| Número de control | 45678 |
| 003 - IDENTIFICADOR DE NÚMERO DE CONTROL | |
| Identificador del número de control | ES-MaCES |
| 005 - FECHA Y HORA DE LA ÚLTIMA TRANSACCIÓN | |
| Fecha y hora de la última transacción | 20150217104309.0 |
| 008 - CAMPO FIJO DE DESCRIPCIÓN FIJA--INFORMACIÓN GENERAL | |
| Códigos de información de longitud fija | 000000s2014 sp ||||| t||||||| ||spa d |
| 040 ## - FUENTE DE CATALOGACIÓN | |
| Centro catalogador de origen | ES-MaCES |
| Lengua de catalogación | spa |
| Centro transcriptor | ES-MaCES |
| 100 1# - ENCABEZAMIENTO PRINCIPAL--NOMBRE PERSONAL | |
| 9 (RLIN) | 22866 |
| Nombre de persona | Ruiz-Huerta Carbonell, Jesús |
| 245 14 - MENCIÓN DE TÍTULO | |
| Título | Los Pactos de la Moncloa: experiencia de pacto fiscal en España |
| Mención de responsabilidad, etc. | Jesús Ruiz-Huerta |
| 650 #4 - ASIENTO SECUNDARIO DE MATERIA--TÉRMINO DE MATERIA | |
| 9 (RLIN) | 28082 |
| Término de materia o nombre geográfico como elemento inicial | política fiscal |
| 650 #4 - ASIENTO SECUNDARIO DE MATERIA--TÉRMINO DE MATERIA | |
| 9 (RLIN) | 28091 |
| Término de materia o nombre geográfico como elemento inicial | reforma tributaria |
| 650 #4 - ASIENTO SECUNDARIO DE MATERIA--TÉRMINO DE MATERIA | |
| 9 (RLIN) | 26964 |
| Término de materia o nombre geográfico como elemento inicial | España |
| 653 10 - TÉRMINO DE INDEXACIÓN--NO CONTROLADO | |
| Término no controlado | Fiscalidad |
| 773 0# - ENTRADA DE DOCUMENTO FUENTE | |
| Itemnumber del ítem fuente | 82173 |
| Lugar, editor y fecha de publicación | Madrid (Padilla, 6, 28006) Estudios de Política Exterior 1997- |
| Otro identificador del documento | 085077 |
| Título | Economía exterior |
| Número de control del registro relacionado | (ES-MaCES)25630 |
| Parte(s) relacionada(s) | n. 70 (otoño 2014) {10625 R. 085077} ;p. 75-82 |
| 902 ## - CES. TIPO DE DOCUMENTO | |
| Tipodoc (006$c Sirtex) | ART Artículo de revista |
| 942 ## - ELEMENTOS KOHA | |
| Fuente de clasificaión o esquema | Clasificación propia del CES |
| Koha [por defecto] tipo de item | Artículos (1982-2017) |
| Parte de clasificación | Fiscalidad |
No hay ítems disponibles.
